Normal view
MARC view
- Khattak, Gul-E-Lala
Entry Personal Name
001 - CONTROL NUMBER
- control field: 125534
003 - CONTROL NUMBER IDENTIFIER
- control field: NUST
005 - DATE AND TIME OF LATEST TRANSACTION
- control field: 20240830101828.0
008 - FIXED-LENGTH DATA ELEMENTS
- fixed length control field: 240830|| aca||aabn | a|a d
040 ## - CATALOGING SOURCE
- Original cataloging agency: NUST
- Transcribing agency: NUST
100 ## - HEADING--PERSONAL NAME
- Personal name: Khattak, Gul-E-Lala
670 ## - SOURCE DATA FOUND
- Source citation: Work cat.: (NUST): Khattak, Gul-E-Lala, A No-Code Solution for Streamlining Student Feedback and Assessment Processes/
